| 000 | 01164nam a22003371i 4500 | ||
|---|---|---|---|
| 001 | bslw10067335 | ||
| 005 | 20240305165654.0 | ||
| 006 | m o d | ||
| 007 | cr un ---uuuua | ||
| 008 | 230711s2020 cau ob 001 0 eng d | ||
| 020 | _a9781949517842 | ||
| 035 | _a38691 | ||
| 040 |
_aUtOrBLW _beng _erda _cUtOrBLW |
||
| 043 | _an-us--- | ||
| 050 | 4 |
_aHD7125 _b.T73 2020 |
|
| 082 | 0 | 4 |
_a368.4300973 _223 |
| 100 | 1 |
_aTraver, David, _eauthor. |
|
| 245 | 1 | 0 |
_aSocial Security disability advocate's handbook / _cDavid Traver, Esq. and David Ferrari, Esq. |
| 250 | _aRevision 16. | ||
| 264 | 1 |
_aCosta Mesa, CA : _bJames Publishing, _c2020. |
|
| 300 | _a1 online resource (1 volume (various pagings)) | ||
| 336 |
_atext _btxt _2rdacontent |
||
| 337 |
_acomputer _bc _2rdamedia |
||
| 338 |
_aonline resource _bcr _2rdacarrier |
||
| 504 | _aIncludes bibliographical references and index. | ||
| 650 | 0 |
_aSocial security _zUnited States _vHandbooks, manuals, etc. |
|
| 650 | 0 |
_aPeople with disabilities _xLegal status, laws, etc. _zUnited States. |
|
| 700 | 1 |
_aFerrari, David, _eauthor. |
|
| 856 | 4 | 0 | _uhttps://app.vlex.com/#/sources/38691 |
| 942 | _cRAA | ||
| 999 |
_c172995 _d172995 |
||